|
|
|
|
| LEADER |
02813nam a2200517 i 4500 |
| 001 |
nkc20223439618 |
| 003 |
CZ PrNK |
| 005 |
20231018091336.0 |
| 007 |
ta |
| 008 |
221103s2022 xr g 000 f cze |
| 015 |
|
|
|a cnb003439618
|
| 020 |
|
|
|a 978-80-242-8439-2
|q (vázáno)
|
| 035 |
|
|
|a (OCoLC)1354196148
|
| 040 |
|
|
|a ABG001
|b cze
|d ABA001
|e rda
|
| 041 |
1 |
|
|a cze
|h eng
|
| 072 |
|
7 |
|a 821.111(73)-3
|x Americká próza
|2 Konspekt
|9 25
|
| 080 |
|
|
|a 821.111(73)-31
|2 MRF
|
| 080 |
|
|
|a (0:82-312.9)
|2 MRF
|
| 100 |
1 |
|
|a Jordan, Robert,
|d 1948-2007
|7 jn20020422021
|4 aut
|
| 240 |
1 |
0 |
|a Eye of the world.
|l Česky
|
| 245 |
1 |
0 |
|a Kolo času.
|p Oko světa /
|c Robert Jordan ; přeložila Dana Krejčová
|
| 246 |
3 |
0 |
|a Oko světa
|
| 250 |
|
|
|a Vydání třetí, v Laseru první
|
| 264 |
|
1 |
|a Praha :
|b Euromedia Group,
|c 2022
|
| 300 |
|
|
|a 757 stran, 24 nečíslovaných stran ;
|c 22 cm
|
| 336 |
|
|
|a text
|b txt
|2 rdacontent
|
| 337 |
|
|
|a bez média
|b n
|2 rdamedia
|
| 338 |
|
|
|a svazek
|b nc
|2 rdacarrier
|
| 500 |
|
|
|a "Vydala Euromedia Group, a.s. - v edici Laser"--Tiráž
|
| 500 |
|
|
|a Přeloženo z angličtiny
|
| 500 |
|
|
|a V tiráži chybně uveden název originálu: Eye of the wordl, správně je: Eye of the world
|
| 520 |
2 |
|
|a Úvodní kniha rozsáhlé epické fantasy. Kolo času se otáčí a věky přicházejí a odcházejí. Temný se probouzí a Poslední bitva se blíží - je načase, aby se podle proroctví znovu zrodil Drak.
|b Dnes již klasická high fantasy série s tradičními prvky boje dobra a zla, cesty hrdiny a cyklického času. Rand, ovčák z Dvouříčí, zapadlého podhorského kraje, nečekaně zjistí, že jej a jeho přátele loví stvoření Temného - polozvířecí trolloci a děsiví myrddraalové. Do vsi přijíždí Moirain z řádu Aes Sedai, čarodějek, které v lidech často budí strach a nedůvěru. Ona a její strážce Lan jsou ale Randovou jedinou nadějí. Aby ochránil své blízké, musí se vydat na dalekou cestu. Spolu s přáteli Matem a Perrinem, vesnickou vědmou Nyneivou a Randovou přítelkyní Egwain, doprovázeni potulným kejklířem Tomem Merrilinem, vyrážejí směrem k Tar Valonu, městu Aes Sedai. Osud je však místo toho zavede k pověstmi opředenému Oku světa.
|
| 655 |
|
7 |
|a americké romány
|7 fd131796
|2 czenas
|
| 655 |
|
7 |
|a fantasy romány
|7 fd184199
|2 czenas
|
| 655 |
|
9 |
|a American fiction
|2 eczenas
|
| 655 |
|
9 |
|a fantasy novels
|2 eczenas
|
| 700 |
1 |
|
|a Krejčová, Dana
|7 jn20011018473
|4 trl
|
| 787 |
0 |
8 |
|i Z cyklu:
|t Kolo času
|g 1
|
| 910 |
2 |
|
|a BOA001
|b 2-1495.910
|
| 920 |
|
|
|a 4675987
|z ABG001
|
| 928 |
9 |
|
|a Laser
|
| 928 |
9 |
|
|a Euromedia Group - Laser
|
| 990 |
|
|
|a BK
|
| 995 |
|
|
|a 01
|
| 991 |
|
|
|b 202211
|c NOV
|
| 996 |
6 |
|
|b 2610921204
|c 2-1495.910
|l MZK
|r Sklad / do 1 hodiny
|n 0
|p p.v.
|w 001905380
|u 000010
|a 1
|e BOA001
|j MZK50
|s P
|